[Event "SUI-ch Seniors 122nd"]
[Site "Leukerbad"]
[Date "2023.07.19"]
[Round "3"]
[White "Wirthensohn, Heinz"]
[Black "Wirz, Heinz"]
[Result "1-0"]
[WhiteElo "2273"]
[BlackElo "2110"]
[PlyCount "83"]
[EventDate "2023.07.17"]
[EventType "tourn"]
[EventRounds "7"]
[EventCountry "SUI"]
[SourceTitle "CBM 215 Extra"]
[Source "ChessBase"]
[SourceDate "2023.09.30"]
[SourceVersion "1"]
[SourceVersionDate "2023.09.30"]
[SourceQuality "1"]

1. Nf3 Nf6 2. c4 g6 3. Nc3 Bg7 4. e4 d6 5. d4 0-0 6. Be2 e5 7. Be3 exd4 8. Nxd4 Re8 9. f3 Nc6 10. 0-0 Nh5 11. Rf2 Nf4 12. Nxc6 Nxe2+ 13. Rxe2 bxc6 14. Bd4 Be6 15. b3 Qg5 16. Bxg7 Kxg7 17. Qd4+ f6 18. Rf1 Qe5 19. Qd2 Rad8 20. f4 Qc5+ 21. Kh1 Bg4 22. Ree1 Qh5 23. Qf2 Qa5 24. Qd4 Qb6 25. Qd2 Qa5 26. Re3 Bc8 27. Rfe1 Be6 28. h3 Bf7 29. R1e2 Bg8 30. Qb2 Re6 31. Nd1 Rde8 32. Nf2 Bf7 33. Nd3 R6e7 34. e5 Kg8 35. c5 dxc5 36. Qc1 fxe5 37. Nxe5 Bd5 38. Qb2 Qb4 39. Ng4 Qd4 40. Qxd4 cxd4 41. Rxe7 Rxe7 42. Rxe7 1-0

[Event "SUI-chT"]
[Site "Switzerland"]
[Date "2022.05.01"]
[Round "1.8"]
[White "Wirthensohn, Heinz"]
[Black "Alic, Miran"]
[Result "1/2-1/2"]
[WhiteElo "2298"]
[BlackElo "2029"]
[PlyCount "62"]
[EventDate "2022.05.01"]
[EventType "team-tourn"]
[EventRounds "9"]
[EventCountry "SUI"]
[SourceTitle "EXT 2023"]
[Source "ChessBase"]
[SourceDate "2022.10.05"]
[SourceVersion "1"]
[SourceVersionDate "2022.10.05"]
[SourceQuality "1"]
[WhiteTeam "Riehen"]
[BlackTeam "Nimzowitsch"]
[WhiteTeamCountry "SUI"]
[BlackTeamCountry "SUI"]

1. Nf3 Nf6 2. c4 e6 3. b3 d5 4. Bb2 b6 5. g3 Bb7 6. Bg2 Nbd7 7. 0-0 Bd6 8. Nc3 a6 9. d3 0-0 10. e4 dxe4 11. Ng5 Nc5 12. Ncxe4 Nfxe4 13. Nxe4 Nxe4 14. Bxe4 Bxe4 15. dxe4 Bc5 16. Qxd8 Rfxd8 17. Rfd1 f6 18. Kf1 e5 19. Ke2 a5 20. Rxd8+ Rxd8 21. f4 exf4 22. gxf4 Kf7 23. h3 g6 24. Rd1 Rxd1 25. Kxd1 g5 26. Bc1 Kg6 27. Ke2 h5 28. Kf3 Bd6 29. f5+ Kf7 30. Bb2 Be5 31. Bxe5 fxe5 1/2-1/2

[Event "Oberliga Baden 2122"]
[Site "Germany"]
[Date "2022.04.09"]
[Round "10.5"]
[White "Gasthofer, Viktor"]
[Black "Wirthensohn, Heinz"]
[Result "1/2-1/2"]
[WhiteElo "2303"]
[BlackElo "2289"]
[PlyCount "37"]
[EventDate "2021.10.10"]
[EventType "team-tourn"]
[EventRounds "11"]
[EventCountry "GER"]
[SourceTitle "EXT 2023"]
[Source "ChessBase"]
[SourceDate "2022.10.05"]
[SourceVersion "1"]
[SourceVersionDate "2022.10.05"]
[SourceQuality "1"]
[WhiteTeam "Bad Mergentheim"]
[BlackTeam "Brombach"]
[WhiteTeamCountry "GER"]
[BlackTeamCountry "GER"]

1. c4 c5 2. Nf3 g6 3. d4 cxd4 4. Nxd4 Nc6 5. e4 Nf6 6. Nc3 d6 7. Be2 Nxd4 8. Qxd4 Bg7 9. Be3 0-0 10. Qd2 Be6 11. Rc1 Qa5 12. f3 Rfc8 13. b3 a6 14. Nd5 Qxd2+ 15. Kxd2 Nxd5 16. cxd5 Bd7 17. Rxc8+ Rxc8 18. Rc1 Rxc1 19. Kxc1 1/2-1/2

[Event "EU-Cup 35th"]
[Site "Ulcinj"]
[Date "2019.11.14"]
[Round "5.13"]
[White "Van der Elburg, Freddie"]
[Black "Wirthensohn, Heinz"]
[Result "0-1"]
[WhiteElo "2190"]
[BlackElo "2313"]
[PlyCount "72"]
[EventDate "2019.11.10"]
[EventType "team-swiss"]
[EventRounds "7"]
[EventCountry "MNE"]
[SourceTitle "CBM 193 Extra"]
[Source "ChessBase"]
[SourceDate "2020.01.31"]
[SourceVersion "1"]
[SourceVersionDate "2020.01.31"]
[SourceQuality "1"]
[WhiteTeam "Apeldoorn MuConsult"]
[BlackTeam "Riehen SG"]
[WhiteTeamCountry "NED"]
[BlackTeamCountry "SUI"]

1. f4 d5 2. Nf3 g6 3. g3 Nf6 4. Bg2 Bg7 5. 0-0 b5 6. d3 Bb7 7. Qe1 Nbd7 8. a4 a6 9. axb5 axb5 10. Rxa8 Qxa8 11. Na3 Qa6 12. Qb4 Qb6+ 13. d4 Ba6 14. Ne5 e6 15. Be3 Bf8 16. Qd2 b4 17. Nb1 Be7 18. Rc1 0-0 19. c4 bxc3 20. Nxc3 Rc8 21. Nd3 Ng4 22. Na4 Qb3 23. Nac5 Nxc5 24. Rc3 Qb5 25. dxc5 Bf6 26. Ra3 Nxe3 27. Qxe3 Qc4 28. Qd2 Bb5 29. b4 Bc6 30. Bf1 Qe4 31. Nf2 Qb1 32. Qd3 Qxb4 33. Qa6 Ra8 34. Qxa8+ Bxa8 35. Rxa8+ Kg7 36. Nd3 Qe4 0-1

[Event "EU-Cup 35th"]
[Site "Ulcinj"]
[Date "2019.11.11"]
[Round "2.3"]
[White "Nogly, Christoph"]
[Black "Wirthensohn, Heinz"]
[Result "1-0"]
[WhiteElo "2235"]
[BlackElo "2313"]
[PlyCount "39"]
[EventDate "2019.11.10"]
[EventType "team-swiss"]
[EventRounds "7"]
[EventCountry "MNE"]
[SourceTitle "CBM 193 Extra"]
[Source "ChessBase"]
[SourceDate "2020.01.31"]
[SourceVersion "1"]
[SourceVersionDate "2020.01.31"]
[SourceQuality "1"]
[WhiteTeam "Berlin SF"]
[BlackTeam "Riehen SG"]
[WhiteTeamCountry "GER"]
[BlackTeamCountry "SUI"]

1. d4 d5 2. Nf3 e6 3. c4 dxc4 4. Qa4+ Nd7 5. Nc3 Ngf6 6. e4 c5 7. d5 exd5 8. e5 d4 9. Bxc4 dxc3 10. exf6 Qxf6 11. Bg5 Qg6 12. 0-0 Bd6 13. Rfe1+ Kf8 14. Rad1 c2 15. Rd5 c1Q 16. Bxc1 h6 17. Qd1 Bc7 18. Bb5 Ba5 19. Bd2 Bxd2 20. Qxd2 1-0

[Event "EU-Cup 35th"]
[Site "Ulcinj"]
[Date "2019.11.10"]
[Round "1.15"]
[White "Wirthensohn, Heinz"]
[Black "Bury, Rastislav"]
[Result "1-0"]
[WhiteElo "2313"]
[BlackElo "2117"]
[PlyCount "73"]
[EventDate "2019.11.10"]
[EventType "team-swiss"]
[EventRounds "7"]
[EventCountry "MNE"]
[SourceTitle "CBM 193 Extra"]
[Source "ChessBase"]
[SourceDate "2020.01.31"]
[SourceVersion "1"]
[SourceVersionDate "2020.01.31"]
[SourceQuality "1"]
[WhiteTeam "Riehen SG"]
[BlackTeam "Modra"]
[WhiteTeamCountry "SUI"]
[BlackTeamCountry "SVK"]

1. Nf3 d5 2. e3 Nf6 3. c4 e6 4. b3 Be7 5. Bb2 0-0 6. d4 b6 7. Bd3 Bb7 8. 0-0 Nbd7 9. Nc3 Ne4 10. Qc2 f5 11. Ne2 Bd6 12. Nf4 Qe7 13. Ne5 Bxe5 14. dxe5 g5 15. Nh5 Qf7 16. Be2 dxc4 17. Qxc4 Ndc5 18. Qc2 Rfd8 19. Rad1 Ba6 20. Bxa6 Nxa6 21. Rxd8+ Rxd8 22. Rd1 Rxd1+ 23. Qxd1 h6 24. a3 Nac5 25. b4 Qd7 26. Bd4 Na4 27. f3 Nec3 28. Qd2 Nd5 29. e4 fxe4 30. fxe4 Qf7 31. exd5 Qxh5 32. d6 Qf7 33. Qc2 c5 34. bxc5 Nxc5 35. Bxc5 bxc5 36. Qxc5 Qb7 37. h3 1-0

[Event "Oberliga Baden 1819"]
[Site "Baden"]
[Date "2019.01.20"]
[Round "5.5"]
[White "Dobrikov, Marco"]
[Black "Wirthensohn, Heinz"]
[Result "1/2-1/2"]
[WhiteElo "2231"]
[BlackElo "2312"]
[PlyCount "103"]
[EventDate "2018.10.21"]
[EventType "team-tourn"]
[EventRounds "9"]
[EventCountry "GER"]
[SourceTitle "EXT 2020"]
[Source "ChessBase"]
[SourceDate "2019.10.17"]
[SourceVersion "1"]
[SourceVersionDate "2019.10.17"]
[SourceQuality "1"]
[WhiteTeam "Hockenheim II"]
[BlackTeam "Brombach"]
[WhiteTeamCountry "GER"]
[BlackTeamCountry "GER"]

1. e4 c5 2. Nf3 Nc6 3. d4 cxd4 4. Nxd4 g6 5. c4 Nf6 6. Nc3 d6 7. f3 Nxd4 8. Qxd4 Bg7 9. Be3 0-0 10. Qd2 Be6 11. Rc1 a5 12. Be2 a4 13. 0-0 Nd7 14. Rfd1 Qa5 15. Nd5 Bxd5 16. Qxa5 Rxa5 17. cxd5 Nc5 18. b4 axb3 19. axb3 Nxb3 20. Rc7 Bf6 21. Rxb7 Nc5 22. Rc7 Rfa8 23. Bxc5 Rxc5 24. Rxc5 dxc5 25. f4 Bd4+ 26. Kf1 f6 27. Bc4 Kg7 28. Rb1 Ra4 29. Bb3 Rb4 30. Ba2 g5 31. Rxb4 cxb4 32. g3 gxf4 33. gxf4 Be3 34. f5 Bf4 35. h3 Kf8 36. Bb3 Ke8 37. Ke2 Kd7 38. Kd3 Kd6 39. h4 Ke5 40. h5 h6 41. Bc2 Bc1 42. Kc4 Bd2 43. Kb3 Kd4 44. Bb1 Bc3 45. Bc2 Kc5 46. Bb1 Be5 47. Bc2 Bd6 48. Bb1 Kd4 49. Bc2 Ke3 50. Kc4 Kd2 51. Kb3 Kc1 52. Bd3 1/2-1/2

[Event "Oberliga Baden 1718"]
[Site "Baden"]
[Date "2017.12.10"]
[Round "4.2"]
[White "Ikonnikov, Vyacheslav"]
[Black "Wirthensohn, Heinz"]
[Result "1-0"]
[WhiteElo "2530"]
[BlackElo "2320"]
[PlyCount "111"]
[EventDate "2017.10.08"]
[EventType "team-tourn"]
[EventRounds "9"]
[EventCountry "GER"]
[SourceTitle "EXT 2019"]
[Source "ChessBase"]
[SourceDate "2018.10.10"]
[SourceVersion "1"]
[SourceVersionDate "2018.10.10"]
[SourceQuality "1"]
[WhiteTeam "Bad Mergentheim"]
[BlackTeam "Brombach"]
[WhiteTeamCountry "GER"]
[BlackTeamCountry "GER"]

1. d4 d5 2. Nf3 Nf6 3. c4 dxc4 4. e3 e6 5. Bxc4 c5 6. 0-0 a6 7. Qe2 b5 8. Bd3 cxd4 9. exd4 Bb7 10. a4 bxa4 11. Nc3 Be7 12. Nxa4 Nbd7 13. Bd2 0-0 14. b4 Nb6 15. Nc5 Bxf3 16. Qxf3 Qxd4 17. Bc3 Qd8 18. Rfc1 Nbd5 19. Be1 Qb6 20. Nxa6 Rfc8 21. b5 Qd4 22. Qd1 g6 23. Bf1 Qxd1 24. Rxd1 Bd8 25. Rac1 Bb6 26. g3 Kf8 27. Bg2 Ke8 28. Nb4 Rxc1 29. Rxc1 Rd8 30. h3 Nxb4 31. Bxb4 Nd5 32. Be1 Kd7 33. Kf1 Rc8 34. Rxc8 Kxc8 35. Ke2 Kd7 36. Bxd5 exd5 37. Kd3 Kd6 38. Bb4+ Bc5 39. Kc3 d4+ 40. Kc4 Bxb4 41. Kxb4 d3 42. Kc3 Kc5 43. Kxd3 Kxb5 44. Kd4 Kc6 45. Ke5 Kd7 46. Kf6 Ke8 47. Kg7 h5 48. Kf6 Kf8 49. h4 Kg8 50. f4 Kf8 51. f5 gxf5 52. Kxf5 Ke7 53. Kg5 Ke6 54. Kxh5 Kf5 55. Kh6 Kg4 56. h5 1-0

[Event "Oberliga Baden 1617"]
[Site "Baden"]
[Date "2017.02.19"]
[Round "6.1"]
[White "Wirthensohn, Heinz"]
[Black "Vonthron, Horst"]
[Result "1-0"]
[WhiteElo "2317"]
[BlackElo "2377"]
[PlyCount "95"]
[EventDate "2016.10.16"]
[EventType "team-tourn"]
[EventRounds "9"]
[EventCountry "GER"]
[SourceTitle "EXT 2018"]
[Source "ChessBase"]
[SourceDate "2017.10.13"]
[SourceVersion "1"]
[SourceVersionDate "2017.10.13"]
[SourceQuality "1"]
[WhiteTeam "Waldshut Tiengen"]
[BlackTeam "Walldorf"]
[WhiteTeamCountry "GER"]
[BlackTeamCountry "GER"]

1. Nf3 d5 2. d4 Nf6 3. c4 c6 4. Qc2 Ne4 5. Nc3 Bf5 6. Qb3 Qb6 7. cxd5 Qxb3 8. axb3 cxd5 9. Nxd5 Na6 10. Rxa6 bxa6 11. Nc7+ Kd8 12. Nxa8 e5 13. Nd2 exd4 14. g4 Nxd2 15. gxf5 Nxb3 16. Bf4 Bb4+ 17. Kd1 Kd7 18. Bg2 Bd6 19. Bxd6 Kxd6 20. Kc2 Rb8 21. Rd1 a5 22. Kb1 a4 23. Ka2 Rc8 24. Ka3 Rc4 25. f4 Rc2 26. Kxa4 Rxe2 27. Kxb3 Rxg2 28. Rxd4+ Ke7 29. Nc7 Rxh2 30. Nd5+ Kd6 31. Nc3+ Kc6 32. Rc4+ Kd6 33. Ra4 Rh5 34. Ra6+ Kc5 35. Rxa7 f6 36. Ra4 Rh3 37. Rc4+ Kd6 38. Rd4+ Ke7 39. Kc4 g6 40. fxg6 hxg6 41. Re4+ Kd6 42. Nb5+ Kd7 43. Nd4 Rh4 44. Ne6 g5 45. Nc5+ Kd6 46. Rd4+ Kc6 47. f5 g4 48. Ne4 1-0

[Event "Oberliga Baden 1617"]
[Site "Baden"]
[Date "2016.12.04"]
[Round "3.1"]
[White "Wirthensohn, Heinz"]
[Black "Lekic, Dusan"]
[Result "1/2-1/2"]
[WhiteElo "2317"]
[BlackElo "2357"]
[PlyCount "31"]
[EventDate "2016.10.16"]
[EventType "team-tourn"]
[EventRounds "9"]
[EventCountry "GER"]
[SourceTitle "EXT 2018"]
[Source "ChessBase"]
[SourceDate "2017.10.13"]
[SourceVersion "1"]
[SourceVersionDate "2017.10.13"]
[SourceQuality "1"]
[WhiteTeam "Waldshut Tiengen"]
[BlackTeam "Dreisamtal"]
[WhiteTeamCountry "GER"]
[BlackTeamCountry "GER"]

1. d4 d5 2. Nf3 Nf6 3. c4 c6 4. Qc2 g6 5. Bf4 Bg7 6. e3 0-0 7. Nc3 c5 8. dxc5 Qa5 9. Rc1 Nc6 10. Be2 dxc4 11. Bxc4 Qxc5 12. Nb5 Qb4+ 13. Qd2 Bf5 14. Qxb4 Nxb4 15. Ke2 Rac8 16. Ne5 1/2-1/2

[Event "Oberliga Baden 1415"]
[Site "Baden"]
[Date "2015.02.22"]
[Round "7.1"]
[White "Gschnitzer, Oswald"]
[Black "Wirthensohn, Heinz"]
[Result "1/2-1/2"]
[WhiteElo "2395"]
[BlackElo "2329"]
[PlyCount "44"]
[EventDate "2014.09.21"]
[EventType "team-tourn"]
[EventRounds "9"]
[EventCountry "GER"]
[SourceTitle "EXT 2016"]
[Source "ChessBase"]
[SourceDate "2015.10.08"]
[SourceVersion "1"]
[SourceVersionDate "2015.10.08"]
[SourceQuality "1"]
[WhiteTeam "Walldorf"]
[BlackTeam "Waldshut Tiengen"]
[WhiteTeamCountry "GER"]
[BlackTeamCountry "GER"]

1. Nf3 c5 2. b3 Nf6 3. Bb2 e6 4. g3 Nc6 5. Bg2 d5 6. e3 Be7 7. 0-0 0-0 8. c4 b6 9. Nc3 Ba6 10. d3 Re8 11. Qe2 Bf8 12. Rfd1 Rc8 13. a3 Na5 14. Qc2 Bb7 15. Ne5 Nc6 16. d4 cxd4 17. exd4 Na5 18. Bf1 dxc4 19. bxc4 Nd7 20. Ne4 Nxe5 21. dxe5 Bxe4 22. Qxe4 Qc7 1/2-1/2

[Event "Oberliga Baden 1314"]
[Site "Germany"]
[Date "2014.04.06"]
[Round "9.1"]
[White "Wirthensohn, Heinz"]
[Black "Skembris, Spyridon"]
[Result "1/2-1/2"]
[WhiteElo "2334"]
[BlackElo "2451"]
[PlyCount "96"]
[EventDate "2013.10.13"]
[EventType "team-tourn"]
[EventRounds "9"]
[EventCountry "GER"]
[SourceTitle "EXT 2015"]
[Source "ChessBase"]
[SourceDate "2014.11.20"]
[SourceVersion "1"]
[SourceVersionDate "2014.11.20"]
[SourceQuality "1"]
[WhiteTeam "Waldshut"]
[BlackTeam "Zaehringen"]
[WhiteTeamCountry "GER"]
[BlackTeamCountry "GER"]

1. Nf3 Nc6 2. d4 d5 3. g3 Bg4 4. Bg2 e6 5. 0-0 Bd6 6. c4 Nf6 7. Bg5 h6 8. Bxf6 Qxf6 9. cxd5 exd5 10. Nc3 Bxf3 11. Bxf3 Nxd4 12. Bxd5 0-0 13. e3 Ne6 14. Ne4 Qe7 15. Nxd6 Qxd6 16. Bxb7 Rab8 17. Qxd6 cxd6 18. Bd5 Rxb2 19. Rab1 Rfb8 20. Rxb2 Rxb2 21. Rd1 Nc5 22. Rd4 Kf8 23. Rf4 f6 24. Rd4 Ke7 25. h4 g5 26. hxg5 hxg5 27. g4 a5 28. Kg2 Rb4 29. Kf3 Rb1 30. Rd2 Kd7 31. Ke2 Kc7 32. Bf3 Rb4 33. Rc2 Kd7 34. Rd2 Ke7 35. Rd4 Ke6 36. Rd2 Ke7 37. Rd4 Nd7 38. Rxb4 axb4 39. Bd5 Nc5 40. f4 Kd7 41. fxg5 fxg5 42. e4 Ke7 43. Ke3 Nd7 44. Bb3 Ne5 45. Bd1 Kd7 46. Kd4 Kc6 47. Ba4+ Kc7 48. Bd1 Kc6 1/2-1/2

[Event "Oberliga Baden 1314"]
[Site "Germany"]
[Date "2013.11.24"]
[Round "3.2"]
[White "Wirthensohn, Heinz"]
[Black "Nekrasov, Mihail"]
[Result "1/2-1/2"]
[WhiteElo "2329"]
[BlackElo "2396"]
[PlyCount "55"]
[EventDate "2013.10.13"]
[EventType "team-tourn"]
[EventRounds "9"]
[EventCountry "GER"]
[SourceTitle "EXT 2015"]
[Source "ChessBase"]
[SourceDate "2014.11.20"]
[SourceVersion "1"]
[SourceVersionDate "2014.11.20"]
[SourceQuality "1"]
[WhiteTeam "Waldshut"]
[BlackTeam "Hockenheim"]
[WhiteTeamCountry "GER"]
[BlackTeamCountry "GER"]

1. d4 Nf6 2. Nf3 d5 3. c4 e6 4. Bg5 Bb4+ 5. Nbd2 dxc4 6. Qc2 b5 7. a4 c6 8. g3 Bb7 9. Bg2 Nbd7 10. 0-0 Qb6 11. b3 cxb3 12. Nxb3 Rc8 13. Rfc1 c5 14. dxc5 Bxc5 15. Nxc5 Rxc5 16. Qd1 Rxc1 17. Bxc1 Bxf3 18. Bxf3 0-0 19. Be3 Qa5 20. axb5 Qxb5 21. Bxa7 Ne5 22. Bg2 h6 23. Bd4 Rd8 24. e3 Nc6 25. Rb1 Qa6 26. Ra1 Qb5 27. Rb1 Qa6 28. Ra1 1/2-1/2

[Event "Oberliga Baden 1213"]
[Site "Baden"]
[Date "2013.04.14"]
[Round "9.1"]
[White "Rosner, Jonas"]
[Black "Wirthensohn, Heinz"]
[Result "1/2-1/2"]
[WhiteElo "2292"]
[BlackElo "2342"]
[PlyCount "30"]
[EventDate "2012.10.14"]
[EventType "team-tourn"]
[EventRounds "9"]
[EventCountry "GER"]
[SourceTitle "EXT 2014"]
[Source "ChessBase"]
[SourceDate "2013.11.20"]
[SourceVersion "1"]
[SourceVersionDate "2013.11.20"]
[SourceQuality "1"]
[WhiteTeam "Ettlingen"]
[BlackTeam "Waldshut"]
[WhiteTeamCountry "GER"]
[BlackTeamCountry "GER"]

1. e4 c5 2. Nf3 Nc6 3. d4 cxd4 4. Nxd4 g6 5. c4 Nf6 6. Nc3 d6 7. Be2 Bg7 8. Be3 0-0 9. 0-0 Bd7 10. f3 Qb6 11. Ncb5 Nxd4 12. Bxd4 Qa5 13. Nc3 Bc6 14. Nd5 Nxd5 15. cxd5 Bb5 1/2-1/2

[Event "Oberliga Baden 1213"]
[Site "Baden"]
[Date "2012.12.09"]
[Round "4.1"]
[White "Wirthensohn, Heinz"]
[Black "Roos, Daniel"]
[Result "1/2-1/2"]
[WhiteElo "2342"]
[BlackElo "2361"]
[PlyCount "39"]
[EventDate "2012.10.14"]
[EventType "team-tourn"]
[EventRounds "9"]
[EventCountry "GER"]
[SourceTitle "EXT 2014"]
[Source "ChessBase"]
[SourceDate "2013.11.20"]
[SourceVersion "1"]
[SourceVersionDate "2013.11.20"]
[SourceQuality "1"]
[WhiteTeam "Waldshut"]
[BlackTeam "Karlsruhe"]
[WhiteTeamCountry "GER"]
[BlackTeamCountry "GER"]

1. d4 Nf6 2. Nf3 g6 3. b4 Bg7 4. e3 0-0 5. c4 d6 6. Be2 Nbd7 7. 0-0 e5 8. Nc3 Re8 9. b5 b6 10. a4 Bb7 11. Ba3 Ne4 12. Nxe4 Bxe4 13. Qb3 Qf6 14. Bb2 Rad8 15. a5 exd4 16. Bxd4 Qe7 17. Bxg7 Kxg7 18. axb6 axb6 19. Qc3+ Kg8 20. Ra7 1/2-1/2